000 00859nam a22002417a 4500
005 20110908145123.0
008 110908t xxu||||| |||| 00| 0 eng d
010 _aENG-103792
020 _c195.00
_a9788182831056
035 _aEN-87325
037 _bDBAD/PUB
040 _aDPL
_bEng
082 _a621.382
100 1 _aAgarwal, Malti
_934669
245 1 4 _aKrishna's advanced technical communication /
_cby Malti Agarwal
260 _aMeerut
_bKrishna Prakashan
_c2011
270 _a11, Shivaji Road,
_bMeerut (U.P.)
_e250001
_k91-121-2644766
_minfo@krishnaprakashan.com
300 _axx,396p.
_c24cm (pbk)
650 0 _934671
700 _934736
942 _2ddc
_cEN
_mAGA
_h621.382
999 _c56616
_d56616